000 00334nam a22001457a 4500
008 230719b ||||| |||| 00| 0 eng d
020 _a9780471060534
041 _aeng
080 _a621
082 _a621YAR
100 _a20
101 _aMEK
245 _aTHEORY AND APPLICATIONS OF QUANTUM MECHANICS
_cYARIV A
942 _2udc
_cBK
999 _c60177
_d60177